Normal view
MARC view
- Ecology.
Entry Topical Term
001 - CONTROL NUMBER
- control field: 48911
003 - CONTROL NUMBER IDENTIFIER
- control field: OSt
005 - DATE AND TIME OF LATEST TRANSACTION
- control field: 20230914102722.0
008 - FIXED-LENGTH DATA ELEMENTS
- fixed length control field: 230914|| aca||aabn | a|a d
040 ## - CATALOGING SOURCE
- Original cataloging agency: OSt
- Transcribing agency: OSt
150 ## - HEADING--TOPICAL TERM
- Topical term or geographic name entry element: Ecology.
670 ## - SOURCE DATA FOUND
- Source citation: Work cat.: (OSt): Kwon, Seung-Hyuk. author. 48910, An active learning approach to investigate the ecosystem of tide flats using 3D modeling and printing /, February 2020.
